Datum a čas kvízu
32.5
Celkem bodů
Celkový počet nahraných bodů na tomto kvízu bez doplňovacích otázek.
5.
Pořadí na kvízu
Konečné umístění týmu na tomto kvízu.
Zaznamenané odpovědi
| # | Otázka | Odpověď | Body | Výsledky |
|---|---|---|---|---|
| 1. | Příslušníci jisté profese se v... | popeláři | 0 | |
| 2. | Která velká evropská země schv... | Francie | 1 | |
| 3. | TV Prima minulý týden představ... | Asia Express | 0 | |
| 4. | Která značka představila minul... | Jawa | 1 | |
| 5. | Brankář Anatolij Trubin v posl... | Benfica Lisabon | 1 | |
| 6. | Na obrázku níže můžete vidět d... | Drákula a Frankenstein | 1 | |
| 7. | Co by to bylo za hororové téma... | D | 1 | |
| 8. | Ze které (převážně videoherní)... | Resident Evil | 1 | |
| 9. | Přiřaďte herce a herečky k jej... | 1C 2D 3B 4A | 1 | |
| 10. | Čím je inspirován česko-americ... | D | 1 |